000 01056nam a2200301 i 4500
001 179910
003 ES-MaACL
005 20250823102626.0
008 120223s2011 sp |||| | spa d
020 _a978-84-938154-1-7
080 _a821.134.2-14"19"
100 1 _aGalán, Ilia,
_d1966-
_9234259
245 1 0 _aArs sacra
_b: (Deus in omnia vel infinitus in me) /
_cIlia Galán.
250 _a1ª ed.
260 _aMadrid :
_bLibros del Aire,
_c2011.
300 _a92 p. ;
_c22 cm +
_e2 CDs.
490 1 _aJardín cerrado ;
_v2/2011
650 0 7 _aMúsica para piano
_2embne
_915415
700 1 _aBonnín de Góngora, Josué.
_9147848
700 1 _aTaibo, Rafael,
_d1935-
_9109077
830 0 _aJardín cerrado ;
_v2/2011
_9191108
852 _aES-MaACL
_9186813
_bR.146898
_jA-11990
_dOlim: N-4995
_cDEPO1
_xDonación: Ilia Galan
852 _aES-MaACL
_jROT 6/2/17
_cDEPO
_9186813
852 _aES-MaACL
_jROT 6/2/18
_cDEPO
_9186814
903 _aGalán, Ilia,
_d1966-
_ednr
_9234259
942 _2udc
_cMONOGRAFIA
999 _c179910
_d179910